Property investment valuation in the UK (Record no. 111749)
[ view plain ]
| 000 -LEADER | |
|---|---|
| fixed length control field | 01250cad a22002055a 4500 |
| 001 - CONTROL NUMBER | |
| control field | E151944 |
| 008 - FIXED-LENGTH DATA ELEMENTS--GENERAL INFORMATION | |
| fixed length control field | 110111s2010 xxk f 000 0 eng d |
| 035 ## - SYSTEM CONTROL NUMBER | |
| System control number | (Sirsi) u151944 |
| 041 0# - LANGUAGE CODE | |
| Language code of text/sound track or separate title | eng |
| 110 2# - MAIN ENTRY--CORPORATE NAME | |
| Corporate name or jurisdiction name as entry element | Royal Institution of Chartered Surveyors |
| 9 (RLIN) | 4900 |
| 245 00 - TITLE STATEMENT | |
| Title | Property investment valuation in the UK |
| Remainder of title | a brief guide for users of valuations |
| Medium | [electronic resource] |
| 260 ## - PUBLICATION, DISTRIBUTION, ETC. | |
| Place of publication, distribution, etc. | London |
| Name of publisher, distributor, etc. | RICS |
| Date of publication, distribution, etc. | 2010 |
| 500 ## - GENERAL NOTE | |
| General note | This item has been archived as valuation is now acknowledged to be more principles based. |
| 520 ## - SUMMARY, ETC. | |
| Summary, etc. | A guide aimed at users of valuations which provides a general understanding of techniques used to value commercial property held for rental, commonly referred to as "investment property". It is not intended to provide training in valuation techniques but rather to give users of valuations and other interested laymen a general understanding of the mathematical techniques employed by professional valuers and the matters that need to be taken into account. |
| 590 ## - LOCAL NOTE (RLIN) | |
| Local note | KA |
| 651 #4 - SUBJECT ADDED ENTRY--GEOGRAPHIC NAME | |
| Geographic name | United Kingdom |
| 690 ## - LOCAL SUBJECT ADDED ENTRY--TOPICAL TERM (OCLC, RLIN) | |
| Topical term or geographic name as entry element | PROPERTY-PROPERTY APPRAISAL AND VALUATION |
| 856 40 - ELECTRONIC LOCATION AND ACCESS | |
| Uniform Resource Identifier | <a href="https://www.rics.org/profession-standards/knowledge-and-information-services">https://www.rics.org/profession-standards/knowledge-and-information-services</a> |
| Public note | Please email [email protected] for a copy |
| 942 ## - ADDED ENTRY ELEMENTS (KOHA) | |
| Suppress in OPAC | 0 |
| Source of classification or shelving scheme | Dewey Decimal Classification |
| Withdrawn status | Lost status | Source of classification or shelving scheme | Damaged status | Not for loan | Home library | Current library | Shelving location | Date acquired | Total Checkouts | Full call number | Barcode | Date last seen | Copy number | Price effective from | Koha item type | Public note |
|---|---|---|---|---|---|---|---|---|---|---|---|---|---|---|---|---|
| Dewey Decimal Classification | Archives | Archives | RICS Boxes | 06/06/2011 | RICS 2010/23 | 30076589 | 06/08/2019 | 1 | 06/08/2019 | Archive | ||||||
| Dewey Decimal Classification | London | London | RICS Boxes | 29/04/2019 | RICS 2010/23 | 50014631 | 06/08/2019 | 1 | 06/08/2019 | Book | ||||||
| Dewey Decimal Classification | Virtual | Virtual | Online | 11/01/2011 | SCAN | 151944-2001 | 30/11/2023 | 1 | 06/08/2019 | Online material | Please contact [email protected] to request a digital copy |